书目信息 |
| 题名: |
脚部按摩疗法
|
|
| 作者: | 汤叔梁 , 杨秉元 编著 | |
| 分册: | ||
| 出版信息: | 南京 东南大学出版社 1990 |
|
| 页数: | 129页 | |
| 开本: | 19cm | |
| 丛书名: | ||
| 单 册: | ||
| 中图分类: | R244.1 | |
| 科图分类: | ||
| 主题词: | 按摩疗法(中医)-足 , 足-按摩疗法(中医) | |
| 电子资源: | ||
| ISBN: | 7-81023-395-5 | |
| 000 | 00639nam0 2200229 45 | |
| 001 | 0196103858 | |
| 005 | 20061121151529.56 | |
| 010 | @a7-81023-395-5@dCNY2.70 | |
| 100 | @a19960729d1990 em y0chiy0120 ea | |
| 101 | 0 | @achi |
| 102 | @aCN@b320000 | |
| 105 | @ay z 000yy | |
| 200 | 10 | @a脚部按摩疗法@Ajiao bu an mo liao fa@f汤叔梁,杨秉元编著 |
| 210 | @a南京@c东南大学出版社@d1990 | |
| 215 | @a129页@d19cm | |
| 606 | @a按摩疗法(中医)-足 | |
| 606 | @a足-按摩疗法(中医) | |
| 690 | @aR244.1@v3 | |
| 701 | 0 | @a汤叔梁@Atang shu liang@4编著 |
| 701 | 0 | @a杨秉元@Ayang bing yuan@4编著 |
| 801 | 0 | @aCN@bTSSF@c20061121 |
| 905 | @a10447@dR244.1@e105 | |
| 脚部按摩疗法/汤叔梁,杨秉元编著.-南京:东南大学出版社,1990 |
| 129页;19cm |
| ISBN 7-81023-395-5:CNY2.70 |
| ● |
| 相关链接 |
|
|
|
|
正题名:脚部按摩疗法
索取号:R244.1/105
 
预约/预借
| 序号 | 登录号 | 条形码 | 馆藏地/架位号 | 状态 | 备注 |
| 1 | 0260851 | 202108511 | 第二样本阅览室/ [索取号:R244.1/105] | 在馆 |